000
00317nam a2200121Ia 4500
008
230511s1965 xx 000 0 und d
041
_a
eng
082
_a
348.041
100
_a
Vakil M R
245
_a
The Bombay Law Repoter LXVII 1965
260
_a
Mumbai
_b
Bombay Law Reporter
_c
1965
906
_a
High Court Cases
999
_c
353814
_d
353814